| Поле | Инд. | ПП | Название | Значение |
|---|---|---|---|---|
| Тип записи | a | |||
| Библиографический уровень | m | |||
| 001 | Контрольный номер | UNIDUBNAf9e99b5c586e4b9dae9fa9c721b3f99e | ||
| 005 | Дата корректировки | 20260423122707.2 | ||
| 008 | Кодируемые данные | 20120911 | ||
| 017 | a | Номер регистрации авт. права | Акт приемки-передачи Произведения № 13/2025 от 03.06.2025 | |
| 020 | a | ISBN | 978-5-89847-734-9 | |
| 040 | b | Код языка каталог. | rus | |
| e | Правила каталог. | PSBO | ||
| 041 | 0_ | a | Код языка текста | eng |
| 084 | a | Индекс другой классификации/Индекс ББК | 81.432.1я73 | |
| 090 | a | Полочн. индекс | 81.432.1я73 | |
| x | Авторский знак | К 597 | ||
| 100 | 1_ | a | Автор | Кокорева М. Г. |
| q | Полное имя | Кокорева Маргарита Геннадьевна | ||
| 245 | 10 | a | Заглавие | Upgrade Your Skills |
| b | Продолж. заглавия | учебное пособие | ||
| c | Ответственность | рецензенты Н. В. Шимон, А. М. Петрова; Министерство науки и высшего образования Российской Федерации; Государственный университет «Дубна». Кафедра иностранных языков и русского языка как иностранного | ||
| 246 | 01 | a | Другая форма заглавия | Совершенствуй свой английский |
| 260 | a | Место издания | Дубна | |
| b | Издательство | Государственный университет "Дубна" | ||
| c | Дата издания | 2025 | ||
| 300 | a | Объем | 61 с. | |
| 336 | a | Термин вида содержания | Текст | |
| 337 | a | Термин типа средства | непосредственный + электронный | |
| 521 | 0_ | a | Примеч. о целев. назн. | студенты |
| 550 | a | Факультет/Кафедра/Подразделение | Кафедра иностранных языков и русского как иностранного; Инженерно-физический институт | |
| 650 | 14 | a | Основная рубрика | английский язык |
| a | Основная рубрика | филологические науки | ||
| a | Основная рубрика | частное языкознание | ||
| a | Основная рубрика | языкознание | ||
| 653 | 0_ | a | Ключевые слова | реферирование текстов |
| a | Ключевые слова | терминологическая лексика | ||
| 655 | a | Жанр/ форма (устаревшее) | учебное пособие | |
| 700 | 12 | a | Автор | Шимон Н. В. |
| e | Роль лиц | рецензент | ||
| 700 | 12 | a | Автор | Петрова А. М. |
| e | Роль лиц | рецензент | ||
| 720 | a | Наименование подборки | СЭБ5 | |
| e | Признак/вид подборки | Тематические подборки | ||
| 856 | 40 | a | Имя сервера/домена | Библиотечная система Университета "Дубна" |
| d | Путь | http://lib.uni-dubna.ru/MegaPRO/Web | ||
| i | Указания/сценарий входа | Доступ по номеру читательского билета и фамилии читателя | ||
| y | Справочный текст | Электронная версия | ||
| u | URL | https://lib.uni-dubna.ru/MegaPRO/UserEntry?Action=FindDocs&ids=184076&idb=ec_110 | ||
| 856 | 40 | a | Имя сервера/домена | ЭБС "Лань" |
| d | Путь | http://e.lanbook.com/ | ||
| i | Указания/сценарий входа | Доступ по логину и паролю | ||
| u | URL | https://e.lanbook.com/book/516054 | ||
| v | Время доступа к ресурсу | 10.04.2026 | ||
| y | Справочный текст | Электронная версия | ||
| 900 | a | Имя электронного ресурса | akt_13_2025_Kokoreva | |
| 900 | a | Имя электронного ресурса | Kokoreva_Upgrade_Your | |
| x | Справочная информация | Полный текст | ||
| 900 | a | Имя электронного ресурса | obl_Kokoreva_Upgrade_Your | |
| x | Справочная информация | Обложка | ||
| 901 | t | Тип документа | m | |
| 952 | a | Тип литературы для КСУ ВШ | УИ | |
| 954 | a | Гриф | 4.50.10 |